Climates of the World

Αποθηκεύτηκε σε:
Λεπτομέρειες βιβλιογραφικής εγγραφής
Κύριος συγγραφέας: Martyn, Danuta
Άλλοι συγγραφείς: Senn, Peter (Μεταφραστής)
Μορφή: Βιβλίο
Γλώσσα:English
Polish
Δημοσίευση: Amsterdam : Elsevier-PWN-Polish scientific publishers, 1992.
Σειρά:Developments in atmospheric science ; 18
Θέματα:
Ετικέτες: Προσθήκη ετικέτας
Δεν υπάρχουν, Καταχωρήστε ετικέτα πρώτοι!

MARC

LEADER 00000cam a2200000 i 4500
001 1/24070
008 981126s1992 ne | ||| |||| ||eng||
020 |a 0444987398 
035 |l 10037008 
040 |a GR-MyUA  |b gre  |e AACR2 
041 1 |a eng  |h pol 
082 0 |a 551.6 
100 1 |a Martyn, Danuta. 
245 1 0 |a Climates of the World /   |c Danuta Martyn ; translated by Peter Senn.  
260 |a Amsterdam :   |b Elsevier-PWN-Polish scientific publishers,   |c 1992.  
300 |a 435 σ.  
490 1 |a (Developments in atmospheric science   |v ; 18)  
500 |a Τίτλος πρωτοτύπου: Klimaty kuli ziemskiej.  
504 |a Περιέχει βιβλιογραφικές αναφορές και ευρετήριο.  
650 0 0 |a Climatology  |x Observations. 
700 0 |a Senn, Peter,  |e trl 
830 0 |a Developments in atmospheric science ;  |v  18 
852 |a INST  |b LESVOS  |e 19981126  |h 551.6 MAR  |p 005100017976  |q 005100017976  |t BK  |y 0 
901 |a BIBL-1998-3 
909 |a Λ  |b 060068 
922 |a 1ΕΛΗ  |b 199810  |c ΚΠΣ/ΤΠ  |d ΠΑΠΑΣΩΤΗΡΙΟΥ 
950 |a 118-1998-07-21